|
|
|
|
| LEADER |
01069cam a2200277 7i4500 |
| 001 |
0000014705 |
| 005 |
20231017090000.0 |
| 008 |
231017t19991999ne a ### #00001eng## |
| 020 |
# |
# |
|a 9004113673
|
| 040 |
# |
# |
|a UMT
|b eng
|c UMT
|e rda
|
| 090 |
0 |
0 |
|a GA 1263.6
|b .K56 1999
|
| 100 |
1 |
# |
|a King, David A.
|e author
|
| 245 |
1 |
0 |
|a World-maps for finding the direction and distance to Mecca :
|b innovation and tradision in Islamic science
|c by David A. King.
|
| 264 |
# |
1 |
|a Netherland:
|b Brill,
|c 1999
|
| 264 |
# |
4 |
|c ♭1999
|
| 300 |
# |
# |
|a 638p:
|b illustrations,some colour,maps;
|c 30cm
|
| 336 |
# |
# |
|a text --
|2 rdacontent
|
| 337 |
# |
# |
|a unmediated --
|2 rdamedia
|
| 338 |
# |
# |
|a volume --
|2 rdacarrier
|
| 504 |
# |
# |
|a Includes bibliographical references and index
|
| 590 |
# |
# |
|a Pusat Pengajian Kejuruteraan Kelautan
|
| 650 |
0 |
0 |
|a Qabilah
|
| 650 |
0 |
0 |
|a Mathematical geography --
|x History --
|y 17th century
|
| 650 |
0 |
0 |
|a Cartography --
|x History --
|y 17th century --
|z Iran
|
| 650 |
0 |
0 |
|a Science --
|x Islamic Empire --
|y History
|
| 999 |
|
|
|a 1100003007
|b Book
|c Open Shelf
|e KOLEKSI TERBUKA
|